Hot money / (Record no. 1483)

000 -LEADER
fixed length control field 00985nam a22003257a 4500
001 - CONTROL NUMBER
control field 4313525
003 - CONTROL NUMBER IDENTIFIER
control field OSt
005 - DATE AND TIME OF LATEST TRANSACTION
control field 20210426061608.0
008 - FIXED-LENGTH DATA ELEMENTS--GENERAL INFORMATION
fixed length control field 870804r1988 nyu 000 1 eng
010 ## - LIBRARY OF CONGRESS CONTROL NUMBER
LC control number 87019193
020 ## - INTERNATIONAL STANDARD BOOK NUMBER
International Standard Book Number 0399133496
020 ## - INTERNATIONAL STANDARD BOOK NUMBER
International Standard Book Number 0399133739 (lim. ed.)
040 ## - CATALOGING SOURCE
Original cataloging agency DLC
Transcribing agency DLC
Modifying agency DLC
-- OCoLC
-- DLC
Language of cataloging eng
041 ## - LANGUAGE CODE
Language code of text/sound track or separate title eng
050 00 - LIBRARY OF CONGRESS CALL NUMBER
Classification number PR6056.R27
Item number H68 1988
080 ## - UNIVERSAL DECIMAL CLASSIFICATION NUMBER
Universal Decimal Classification number 821.111
Item number F-85
082 00 - DEWEY DECIMAL CLASSIFICATION NUMBER
Classification number 823/.914
Edition number 19
100 1# - MAIN ENTRY--PERSONAL NAME
Personal name Francis, Dick.
245 10 - TITLE STATEMENT
Title Hot money /
Statement of responsibility, etc. Dick Francis.
Remainder of title / by: G. P. Putnam's Sons
250 ## - EDITION STATEMENT
Edition statement 1st American edition
260 ## - PUBLICATION, DISTRIBUTION, ETC.
Place of publication, distribution, etc. New York
Name of publisher, distributor, etc. G. P. Putnam's Sons
Date of publication, distribution, etc. 1988, c1987.
300 ## - PHYSICAL DESCRIPTION
Extent 324 p.
Dimensions 24 cm.
650 #0 - SUBJECT ADDED ENTRY--TOPICAL TERM
Topical term or geographic name entry element Jockeys
General subdivision Fiction.
650 #0 - SUBJECT ADDED ENTRY--TOPICAL TERM
Topical term or geographic name entry element English literature
9 (RLIN) 247
650 #0 - SUBJECT ADDED ENTRY--TOPICAL TERM
Topical term or geographic name entry element Horse racing
General subdivision Fiction.
653 ## - INDEX TERM--UNCONTROLLED
Uncontrolled term ინგლისური ლიტერატურა
655 #7 - INDEX TERM--GENRE/FORM
Genre/form data or focus term Detective and mystery stories.
Source of term gsafd
906 ## - LOCAL DATA ELEMENT F, LDF (RLIN)
a 7
b cbc
c orignew
d 1
e ocip
f 19
g y-gencatlg
942 ## - ADDED ENTRY ELEMENTS (KOHA)
Source of classification or shelving scheme
Koha item type Books
Edition 1
Holdings
Withdrawn status Lost status Source of classification or shelving scheme Damaged status Not for loan Permanent location Current location Date acquired Inventory number Total Checkouts Full call number Barcode Date last seen Price effective from Koha item type
          Ken Walker International University Ken Walker International University 02/17/2021 367   821.111 F-85 367 02/17/2021 02/17/2021 Books

Powered by Koha